World Design Capital Cities - Statistics

General Stats
  • This quiz has been taken 2 times
  • The average score is 3 of 10
Answer Stats
Year City % Correct
2012 Helsinki
100%
2014 Cape Town
50%
2018 Mexico City
50%
2016 Taipei
50%
2008 Turin
50%
2026 Frankfurt Rhein-Main
0%
2020 Lille Metropol
0%
2024 San Diego, Tijuana
0%
2010 Seoul
0%
2022 Valencia
0%
No matching quizzes found
Score Distribution
Percent of People with Each Score
Percentile by Number Answered
Your Score History
You have not taken this quiz